Teoría política y modernidad (Registro nro. 7042)

Detalles MARC
000 -LEADER
fixed length control field 01138 a2200205 4500
001 - CONTROL NUMBER
control field 60577
005 - DATE AND TIME OF LATEST TRANSACTION
control field 20260407155857.0
008 - FIXED-LENGTH DATA ELEMENTS--GENERAL INFORMATION
fixed length control field 260407a1977 arg spa d
003 - CONTROL NUMBER IDENTIFIER
control field AR-UNSa-BCEJYS
040 ## - CATALOGING SOURCE
Original cataloging agency AR-UNSa-BCEJYS
Language of cataloging spa
Transcribing agency AR-UNSa-BCEJYS
080 ## - UNIVERSAL DECIMAL CLASSIFICATION NUMBER
Universal Decimal Classification number 321.01
Common auxiliary subdivision Teoría general del Estado. Teoría y filosofía del poder. Estado y territorio. Autoridad y oposición. Usurpación (Filosofía política)
041 ## - LANGUAGE CODE
Language code of text/sound track or separate title spa
100 1# - MAIN ENTRY--PERSONAL NAME
Personal name Fernández Pardo, Carlos Alberto
245 10 - TITLE STATEMENT
Title Teoría política y modernidad
Name of part/section of a work Del siglo XVI al siglo XIX
264 #1 - PRODUCTION, PUBLICATION, DISTRIBUTION, MANUFACTURE, AND COPYRIGHT NOTICE
Place of production, publication, distribution, manufacture Buenos Aires :
Name of producer, publisher, distributor, manufacturer Centro Editor de America Latina
Date of production, publication, distribution, manufacture, or copyright notice 1977
300 ## - PHYSICAL DESCRIPTION
Extent 115 p.
Dimensions 19 cm.
505 ## - FORMATTED CONTENTS NOTE
Formatted contents note 1. Introducción - 2. Discursos sobre Tito Livio / Maquíavelo – 3. Leviatán / Thomas Hobbes – 4. Dos ensayos sobre el gobierno civil / John Locke – 5. La política puede convertirse en ciencia / David Hume – 6. El espíritu de las leyes / Montesquieu – 7. El contrato social / Jean-Jacques Rousseau –8. Notas sobre Virginia / Thomas Jefferson – 9. Consideraciones sobre Francia / Joseph de Maistre
590 ## - LOCAL NOTE (RLIN)
Local note niveau_biblio:m niveau_hierar:0
942 ## - ADDED ENTRY ELEMENTS (KOHA)
Koha item type
Existencias
Withdrawn status Lost status Damaged status Not for loan Home library Current library Shelving location Date acquired Total checkouts Full call number Barcode Date last seen Price effective from Koha item type
        Biblioteca Prof. Eusebio Cleto del Rey Biblioteca Prof. Eusebio Cleto del Rey   07/04/2026   321.01 F362 L129233 07/04/2026 07/04/2026 Libro